000 00731nam a2200205 4500
001 111795
003 ES-MaACL
005 20250820215424.0
007 t|
008 061121s1974 sp r ||||1| spa d
100 1 _aNeumark, Fritz.
_985453
245 1 0 _aPrincipios de la imposición /
_cFritz Neumark; introducción por Enrique Fuentes Quintana; [traducción de José Zamit Ferrer].
260 _aMadrid :
_bInstituto de Estudios Fiscales,
_c1974.
300 _aXLVII, 478 p. ;
_c24 cm.
700 1 _aFuentes Quintana, Enrique,
_d1924-2007
_952942
700 1 _aZamit Ferrer, José.
_9117926
710 2 _aInstituto de Estudios Fiscales (España)
_9169207
852 _aES-MaACL
_jL-661
_bR.101600
999 _c111795
_d111795